[Event "Druga liga CS - Istok 2018 grupa sever"]
[Site ""]
[Date "2018.09.08"]
[Round "3.17"]
[White "Brankovan, Mario"]
[Black "Stanisavljevic, Vladan"]
[Result "1-0"]
[WhiteElo "1916"]
[BlackElo "1882"]
[PlyCount "0"]
[WhiteTeam "MAJDANPEK - Majdanpek"]
[BlackTeam "RADNICKI - Cuprija"]
[EventDate "2018.09.07"]

1.d4 e6 2.Nf3 d5 3.Bf4 c5 4.e3 Nf6 5.h3 Be7 6.c3 O-O 7.Bd3 b6
8.Nbd2 Ba6 9.Bxa6 Nxa6 10.Ne5 Qc8 11.O-O Nb8 12.a4 Nbd7 13.Nef3
Qb7 14.Qc2 Rac8 15.Rfe1 Rfe8 16.Re2 Nf8 17.Rae1 Ng6 18.Bh2 Qc6
19.Qb3 Bd6 20.Bxd6 Qxd6 21.Qb5 e5 22.dxe5 Nxe5 23.Rd1 Red8 24.Nxe5
Qxe5 25.a5 Rb8 26.Nf3 Qh5 27.axb6 axb6 28.Red2 Ne4 29.Rd3 Ng5
30.Nxg5 Qxg5 31.Qc6 h6 32.Rxd5 Rxd5 33.Rxd5 Qe7 34.Qd6 Qa7 35.g3
g6 36.h4 h5 37.Kg2 Rb7 38.Re5 Rb8 39.Rd5 Qb7 40.e4 Re8 41.e5
Re6 42.Qd8+ Kg7 43.f4 Qc6 44.Qd7 Qa8 45.Kf2 Qa1 46.Rd2 Qh1 47.Qd5
Qb1 48.Qd3 Qh1 49.Qf3 Qb1 50.Kg2 Qc1 51.Qe2 Re7 52.Rd1 1-0

[Event "Druga liga CS - Istok 2018 grupa sever"]
[Site ""]
[Date "2018.09.08"]
[Round "3.18"]
[White "Pantic, Dejan"]
[Black "Nikolic, Lazar"]
[Result "1-0"]
[WhiteElo "1822"]
[BlackElo "1569"]
[PlyCount "0"]
[WhiteTeam "RADNICKI - Cuprija"]
[BlackTeam "MAJDANPEK - Majdanpek"]
[EventDate "2018.09.07"]

1.e4 e6 2.g3 d5 3.Bg2 Nf6 4.e5 Nfd7 5.d4 c5 6.c3 Nc6 7.Ne2 cxd4
8.cxd4 Bb4+ 9.Bd2 Bxd2+ 10.Qxd2 O-O 11.O-O b6 12.Nbc3 Ba6 13.f4
Qe7 14.f5 Rfc8 15.Bh3 Nf8 16.Rf2 exf5 17.Bxf5 Rd8 18.Nf4 Qg5
19.Nfxd5 Qxd2 20.Rxd2 Bc8 21.Be4 Bb7 22.Nb5 Ne6 23.Nd6 Rab8 24.Nxb7
Rxb7 25.Nb4 Nexd4 26.Rad1 Rbd7 27.Nxc6 Ne2+ 28.Rxe2 Rxd1+ 29.Kf2
R8d2 30.Nxa7 Rxe2+ 31.Kxe2 Ra1 32.Bd5 Rb1 33.Nc8 Kf8 34.Nd6 Rxb2+
35.Ke3 Rxh2 36.Nxf7 Ke7 37.Nd6 Rh5 38.Ke4 Rg5 39.Kf4 Rh5 40.Nf5+
Kf8 41.e6 g6 1-0

[Event "Druga liga CS - Istok 2018 grupa sever"]
[Site ""]
[Date "2018.09.08"]
[Round "3.21"]
[White "Maksimovic, Bojan"]
[Black "Pavlovic, Goran"]
[Result "1/2-1/2"]
[WhiteElo "2256"]
[BlackElo "2361"]
[PlyCount "0"]
[WhiteTeam "POZAREVACKI SK -Pozarevac"]
[BlackTeam "VGSK - Veliko Gradiste"]
[EventDate "2018.09.07"]

1.e4 e5 2.Nf3 Nc6 3.Nc3 Nf6 4.d4 exd4 5.Nxd4 Bb4 6.Nxc6 bxc6
7.Bd3 O-O 8.O-O d5 9.exd5 cxd5 10.h3 c6 11.Qf3 Re8 12.Bg5 Be7
13.Ne2 h6 14.Bd2 c5 15.c3 Bb7 16.Ng3 Ne4 17.Rad1 Nxd2 18.Rxd2
Bg5 19.Rdd1 Qb6 20.Qg4 Rad8 21.h4 Bf6 22.Nf5 Kf8 23.Rd2 1/2-1/2

[Event "Druga liga CS - Istok 2018 grupa sever"]
[Site ""]
[Date "2018.09.08"]
[Round "3.22"]
[White "Dinev, Dejan"]
[Black "Rajkovic, Aleksandar"]
[Result "1/2-1/2"]
[WhiteElo "2284"]
[BlackElo "2171"]
[PlyCount "0"]
[WhiteTeam "VGSK - Veliko Gradiste"]
[BlackTeam "POZAREVACKI SK -Pozarevac"]
[EventDate "2018.09.07"]

1.d4 Nf6 2.Nf3 g6 3.e3 Bg7 4.Bd3 d5 5.O-O Bf5 6.Ne5 Bxd3 7.Qxd3
O-O 8.Nd2 Nbd7 9.f4 Ne8 10.Qb3 Nxe5 11.fxe5 Rb8 12.c3 c6 13.e4
Nc7 14.exd5 Qxd5 15.Qxd5 cxd5 16.a4 Ne6 17.Nf3 a6 18.Bd2 f5 19.exf6
exf6 20.Rfe1 Rfe8 21.Re2 Nf8 22.Rae1 Rxe2 23.Rxe2 Kf7 24.Kf2
Ne6 25.Ne1 b5 26.axb5 Rxb5 27.Nd3 Bf8 28.Re1 Bd6 29.g3 h5 30.Ra1
a5 31.Ra2 g5 32.h4 Kg6 33.hxg5 fxg5 34.b4 Bc7 35.bxa5 Bxa5 36.Ne5+
Kf5 37.c4 dxc4 38.Nxc4 Bc7 39.d5 Nc5 1/2-1/2

[Event "Druga liga CS - Istok 2018 grupa sever"]
[Site ""]
[Date "2018.09.08"]
[Round "3.24"]
[White "Djukic, Slobodan D"]
[Black "Zivanovic, Zoran M"]
[Result "1-0"]
[WhiteElo "2159"]
[BlackElo "2049"]
[PlyCount "0"]
[WhiteTeam "VGSK - Veliko Gradiste"]
[BlackTeam "POZAREVACKI SK -Pozarevac"]
[EventDate "2018.09.07"]

1.e4 e5 2.Nf3 Nc6 3.Bb5 a6 4.Ba4 b5 5.Bb3 Nf6 6.d3 Be7 7.O-O
O-O 8.Re1 d6 9.c3 h6 10.a4 Be6 11.Bxe6 fxe6 12.axb5 axb5 13.Rxa8
Qxa8 14.Qb3 Kf7 15.Qxb5 Rb8 16.Qc4 d5 17.Qxc6 1-0

[Event "Druga liga CS - Istok 2018 grupa sever"]
[Site ""]
[Date "2018.09.08"]
[Round "3.25"]
[White "Nikolic, Dejan"]
[Black "Madjar, Stanislav"]
[Result "1/2-1/2"]
[WhiteElo "1861"]
[BlackElo "2192"]
[PlyCount "0"]
[WhiteTeam "POZAREVACKI SK -Pozarevac"]
[BlackTeam "VGSK - Veliko Gradiste"]
[EventDate "2018.09.07"]

1.d4 Nf6 2.c4 e6 3.Nc3 Bb4 4.Qc2 Nc6 5.Nf3 d6 6.Bg5 h6 7.Bd2
O-O 8.a3 Bxc3 9.Bxc3 Qe7 10.e3 e5 11.d5 Nb8 12.Be2 a5 13.b4 axb4
14.axb4 Rxa1+ 15.Bxa1 1/2-1/2

[Event "Druga liga CS - Istok 2018 grupa sever"]
[Site ""]
[Date "2018.09.08"]
[Round "3.27"]
[White "Dubravcic, Nikola"]
[Black "Kostic, Tomislav"]
[Result "1/2-1/2"]
[WhiteElo "1815"]
[BlackElo "2045"]
[PlyCount "0"]
[WhiteTeam "POZAREVACKI SK -Pozarevac"]
[BlackTeam "VGSK - Veliko Gradiste"]
[EventDate "2018.09.07"]

1.e4 c5 2.Nf3 e6 3.c3 d5 4.exd5 Qxd5 5.d4 Nf6 6.Be2 Nc6 7.dxc5
Bxc5 8.O-O O-O 9.Qc2 e5 10.Rd1 Qe6 11.Nbd2 Qe7 12.Ne4 Bf5 13.Bd3
Bxe4 14.Bxe4 h6 15.Bxc6 bxc6 16.Re1 e4 17.Nd4 Qd7 18.Be3 Rfe8
19.Rad1 Nd5 20.Qd2 Nxe3 21.Rxe3 Rad8 22.Qc2 Bb6 23.Ree1 Re5 24.b4
Qe8 25.h3 c5 26.bxc5 Bxc5 27.Nb3 Bb6 28.Rxd8 Bxd8 29.Re3 Bb6
30.Nd4 Qe7 31.Kh1 Qb7 1/2-1/2

[Event "Druga liga CS - Istok 2018 grupa sever"]
[Site ""]
[Date "2018.09.08"]
[Round "3.28"]
[White "Kostic, Marko"]
[Black "Tosic, Jovan"]
[Result "1-0"]
[WhiteElo "1971"]
[BlackElo "1493"]
[PlyCount "0"]
[WhiteTeam "VGSK - Veliko Gradiste"]
[BlackTeam "POZAREVACKI SK -Pozarevac"]
[EventDate "2018.09.07"]

1.d4 c6 2.Nf3 d6 3.Bf4 g6 4.c4 Bg7 5.Nc3 Nf6 6.h3 Nh5 7.Bh2 O-O
8.e3 f5 9.Be2 Nf6 10.Qb3 h6 11.c5+ d5 12.Ne5 Kh7 13.Qc2 Nbd7
14.Nd3 Ne4 15.f3 Nxc3 16.Qxc3 Re8 17.O-O e6 18.b4 Qe7 19.Bd6
Qf7 20.Rab1 Bf8 21.Bxf8 Qxf8 22.b5 Qf6 23.f4 g5 24.a4 Rg8 25.Qe1
Qg7 26.Qf2 Nf6 27.Rfc1 Ne4 28.Qe1 Bd7 29.Bf3 Raf8 30.Ne5 gxf4
31.exf4 Be8 32.Rc2 Qg3 33.Qxg3 Rxg3 34.bxc6 Bxc6 35.Nxc6 bxc6
36.a5 Rf7 37.a6 Rgg7 38.Rb8 Kg6 39.Rcb2 Nc3 40.Kf2 Nb5 41.Ke3
Kf6 42.Bh5 Rc7 43.Rf8+ Ke7 44.Rh8 Rg3+ 45.Bf3 Rg6 46.Rb3 Kd7
47.g4 Rc8 48.Rh7+ Kd8 49.Be2 Rc7 50.Rh8+ Kd7 51.Bd3 Rf6 52.Bxb5
cxb5 53.Rxb5 Kc6 54.Rbb8 Rg7 55.Rhd8 Rff7 56.Rd6+ Kc7 57.Rb7+
Kc8 58.Rxf7 Rxf7 59.Rxe6 fxg4 60.hxg4 Rg7 61.Kf3 Rh7 62.Re5 Kc7
63.Rxd5 Kc6 64.Rd6+ Kc7 65.f5 h5 66.gxh5 Rxh5 67.Ke4 Rh4+ 68.Ke5
Rh1 69.Ke6 Re1+ 70.Kf7 Kc8 71.f6 1-0

[Event "Druga liga CS - Istok 2018 grupa sever"]
[Site ""]
[Date "2018.09.08"]
[Round "3.31"]
[White "Marjanovic, Dejan"]
[Black "Radosavljevic, Slobodan D"]
[Result "1-0"]
[WhiteElo "2382"]
[BlackElo "2228"]
[PlyCount "0"]
[WhiteTeam "RUDAR - Kostolac"]
[BlackTeam "KABLOVI - Jagodina"]
[EventDate "2018.09.07"]

1.d4 c5 2.d5 Nf6 3.c4 b5 4.Qc2 g6 5.e4 Bg7 6.Nf3 O-O 7.cxb5 a6
8.a4 d6 9.Nc3 e6 10.dxe6 Bxe6 11.Be2 axb5 12.Bxb5 Na6 13.O-O
Nb4 14.Qe2 Bg4 15.Rd1 Bxf3 16.Qxf3 Nc2 17.Rb1 Nd4 18.Qh3 Qe7
19.Bg5 Qe6 20.Qd3 h6 21.Bh4 g5 22.Bc4 Qe7 23.Bg3 Ng4 24.Bd5 Rab8
25.a5 Nf6 26.Bc4 h5 27.h4 Ng4 28.Nd5 Qd8 29.hxg5 Qxg5 30.Bf4
Qd8 31.Qh3 Nf6 32.Bg5 Re8 33.Qh4 Re6 34.f4 1-0

[Event "Druga liga CS - Istok 2018 grupa sever"]
[Site ""]
[Date "2018.09.08"]
[Round "3.32"]
[White "Spasojevic, Zoran M"]
[Black "Jovanovic, Dusan D"]
[Result "0-1"]
[WhiteElo "2201"]
[BlackElo "2401"]
[PlyCount "0"]
[WhiteTeam "KABLOVI - Jagodina"]
[BlackTeam "RUDAR - Kostolac"]
[EventDate "2018.09.07"]

1.c4 e6 2.Nf3 Nf6 3.e3 b6 4.Be2 Bb7 5.O-O c5 6.d4 Be7 7.Nc3 cxd4
8.exd4 d6 9.Bf4 O-O 10.Rc1 a6 11.Re1 Nbd7 12.Bd3 Re8 13.Qe2 Bf8
14.Ne4 Nxe4 15.Bxe4 Bxe4 16.Qxe4 Nf6 17.Qd3 Qc8 18.Bg5 Nd7 19.Bd2
Qb7 20.b4 Rac8 21.Qb3 h6 22.Be3 e5 23.Red1 Nf6 24.dxe5 dxe5 25.c5
bxc5 26.bxc5 Qa8 27.Rc4 e4 28.Nd2 Red8 29.Rb1 Bxc5 30.Nf1 Bxe3
31.Nxe3 Rb8 32.Qc2 Rxb1+ 33.Qxb1 Rb8 34.Qc2 Qb7 35.h3 Qb1+ 36.Kh2
Qxc2 37.Rxc2 Rb4 38.g4 Ra4 39.h4 g6 40.Kg3 Kg7 41.Kf4 Nd7 42.g5
hxg5+ 43.hxg5 Nf8 44.Nc4 Ne6+ 45.Kxe4 Nxg5+ 46.Kd5 Ne6 47.a3
Nc7+ 48.Kc5 Nb5 49.Ra2 Kf6 50.Ra1 Kf5 51.Ra2 Kf4 52.Ra1 g5 53.Ra2
g4 54.Rd2 Nxa3 55.Rd4+ Kg5 0-1

[Event "Druga liga CS - Istok 2018 grupa sever"]
[Site ""]
[Date "2018.09.08"]
[Round "3.33"]
[White "Djordjevic, Nebojsa"]
[Black "Ivic, Matija"]
[Result "1/2-1/2"]
[WhiteElo "2284"]
[BlackElo "2246"]
[PlyCount "0"]
[WhiteTeam "RUDAR - Kostolac"]
[BlackTeam "KABLOVI - Jagodina"]
[EventDate "2018.09.07"]

1.d4 Nf6 2.c4 e6 3.a3 c5 4.e3 d5 5.Nf3 Nc6 6.dxc5 Bxc5 7.b4 Be7
8.Bb2 O-O 9.Nc3 dxc4 10.Bxc4 b6 11.O-O Qxd1 12.Rfxd1 Bb7 13.Nd4
Ne5 14.Be2 Rfd8 15.Rac1 Rac8 16.Na4 Nc6 17.Nxc6 Rxd1+ 18.Bxd1
Rxc6 19.Nc3 Rc8 20.Bb3 Ne4 21.Nxe4 Rxc1+ 22.Bxc1 Bxe4 23.Bb2
Kf8 24.f3 Bc6 25.e4 Bd6 1/2-1/2

[Event "Druga liga CS - Istok 2018 grupa sever"]
[Site ""]
[Date "2018.09.08"]
[Round "3.34"]
[White "Popovic, Djordje D"]
[Black "Zafirovski, Mite"]
[Result "0-1"]
[WhiteElo "2234"]
[BlackElo "2245"]
[PlyCount "0"]
[WhiteTeam "KABLOVI - Jagodina"]
[BlackTeam "RUDAR - Kostolac"]
[EventDate "2018.09.07"]

1.d4 Nf6 2.c4 e6 3.Nc3 Bb4 4.e3 c5 5.Bd3 Nc6 6.Nf3 Bxc3+ 7.bxc3
d6 8.e4 e5 9.d5 Ne7 10.O-O Ng6 11.Re1 O-O 12.h3 Ne8 13.Bg5 f6
14.Be3 Bd7 15.Nh2 Rb8 16.a4 f5 17.exf5 Bxf5 18.Bxf5 Rxf5 19.Nf1
Rf7 20.Ng3 Nf4 21.Ne4 h6 22.Ra2 Qe7 23.Rd2 b6 24.Rb2 Rd8 25.Kh2
Qd7 26.Ra2 Qf5 27.Bxf4 Qxf4+ 28.g3 Qf5 29.Qg4 Qxg4 30.hxg4 Nf6
31.Nxf6+ Rxf6 32.Kg2 Rdf8 33.Re3 Kh7 34.f3 Rb8 35.Re4 Rbf8 36.Rf2
g5 37.Re3 Kg6 38.Rf1 h5 39.gxh5+ Kxh5 40.Re4 Kg6 41.Rg4 R6f7
42.Rf2 Kf5 43.Rf1 Rh8 44.Rh1 Rxh1 45.Kxh1 a6 46.Re4 Rb7 47.g4+
Kf6 48.Kg2 b5 49.cxb5 axb5 50.axb5 Rxb5 51.c4 Rb2+ 52.Kf1 Ke7
53.Ke1 Kd7 54.Re2 Rb3 55.Kf2 Rc3 56.Ra2 Rxc4 57.Ra7+ Kd8 58.Ra6
Kc7 59.Ra7+ Kb6 60.Rd7 Rd4 61.Rxd6+ Kb5 62.Rd8 c4 63.d6 Kc6 64.Ke3
Rxd6 65.Rc8+ Kd5 66.Rg8 Rb6 67.Rxg5 Rb3+ 68.Ke2 Kd4 69.Rf5 Rb2+
70.Kd1 Rf2 71.Rf8 Kd3 72.Kc1 Kc3 73.Kb1 e4 74.f4 e3 75.Re8 e2
76.f5 Rf1+ 77.Ka2 e1Q 78.Rxe1 Rxe1 79.f6 0-1

[Event "Druga liga CS - Istok 2018 grupa sever"]
[Site ""]
[Date "2018.09.08"]
[Round "3.36"]
[White "Blagojevic, Vladan"]
[Black "Nikolic, Zeljko"]
[Result "0-1"]
[WhiteElo "2107"]
[BlackElo "2206"]
[PlyCount "0"]
[WhiteTeam "KABLOVI - Jagodina"]
[BlackTeam "RUDAR - Kostolac"]
[EventDate "2018.09.07"]

1.Nf3 Nf6 2.g3 c5 3.c4 Nc6 4.Bg2 e6 5.O-O d5 6.cxd5 exd5 7.d4
c4 8.Nc3 a6 9.Bg5 Be7 10.Ne5 Be6 11.Qa4 Qc8 12.Nxc6 Qxc6 13.Qxc6+
bxc6 14.e4 Rd8 15.exd5 cxd5 16.Rfe1 O-O 17.h3 h6 18.Bf4 Bb4 19.Re2
Rd7 20.a3 Bd6 21.Be5 Bxe5 22.Rxe5 Rb8 23.f4 Rd6 24.f5 Bd7 25.Nxd5
Rxb2 26.Rc1 Rxg2+ 27.Kxg2 Rxd5 28.Rxc4 Bxf5 29.g4 Bd3 30.Rb4
Rd6 31.Kf2 Kh7 32.a4 Kg6 33.Ke3 Bf1 34.Rb1 Bxh3 35.Rc5 Bxg4 36.a5
Nd5+ 37.Ke4 Bf5+ 0-1

[Event "Druga liga CS - Istok 2018 grupa sever"]
[Site ""]
[Date "2018.09.08"]
[Round "3.37"]
[White "Krstic, Milos"]
[Black "Radisavljevic, Dalibor"]
[Result "1/2-1/2"]
[WhiteElo "2171"]
[BlackElo "1985"]
[PlyCount "0"]
[WhiteTeam "RUDAR - Kostolac"]
[BlackTeam "KABLOVI - Jagodina"]
[EventDate "2018.09.07"]

1.e4 c5 2.Nf3 d6 3.d4 cxd4 4.Nxd4 Nf6 5.Nc3 g6 6.Be2 Bg7 7.Be3
O-O 8.O-O Nc6 9.h3 Bd7 10.Re1 a6 11.a4 Rc8 12.Nb3 Na5 13.f4 Bc6
14.Qd3 Nxb3 15.cxb3 Qa5 16.Bf3 Rfd8 17.Kh1 Nd7 18.Re2 Nc5 19.Qc4
b5 20.b4 bxc4 21.bxa5 Bxc3 22.bxc3 Bxe4 23.Bxc5 Bxf3 24.gxf3
Rxc5 25.Rxe7 Rxa5 26.Rb1 Rf5 27.Re4 d5 28.Rd4 Rd6 29.Kg2 Kf8
30.Kg3 Ke7 31.a5 Kd7 32.Rb4 Rc6 33.Rd2 Rc5 34.Ra2 Rf6 35.Rb7+
Rc7 36.Rb8 Rfc6 37.Kf2 Kd6 38.Rd8+ Kc5 39.Rb2 Rd6 40.Rxd6 Kxd6
41.Rb6+ Rc6 42.Rb7 Kc5 43.Ke3 Re6+ 44.Kd2 Rf6 45.Ke3 h5 46.h4
Re6+ 47.Kd2 f5 48.Rb8 d4 49.Rc8+ Kb5 50.cxd4 Kb4 51.Rc7 Rd6 52.Rb7+
Kxa5 53.Kc3 Rb6 54.Rg7 Kb5 55.Re7 Rc6 56.Rb7+ Ka5 57.Rg7 Ka4
58.d5 Rc5 59.Rxg6 Kb5 60.Rg8 Rxd5 61.Rb8+ Ka5 62.Kxc4 Rb5 63.Rf8
Rb4+ 64.Kd3 Rxf4 65.Ke3 Rxh4 66.Rxf5+ Kb4 67.Rf8 a5 68.f4 a4
69.f5 Rh1 70.f6 Rf1 71.f7 Ka3 72.Kd3 h4 73.Kc3 Rc1+ 74.Kd2 Rc7
75.Rh8 Rxf7 76.Rxh4 Rc7 77.Kd1 Kb3 78.Rh8 a3 79.Rb8+ Ka2 80.Kd2
Rc6 81.Rb7 Rh6 82.Kc2 Rh2+ 83.Kc1 Rb2 84.Ra7 Rb4 85.Kc2 Rb2+
86.Kc1 Rb5 87.Kc2 Rc5+ 88.Kd2 Kb2 89.Rh7 Ka1 90.Ra7 a2 91.Rb7
Rg5 92.Kc1 Rg1+ 93.Kc2 Rb1 1/2-1/2

[Event "Druga liga CS - Istok 2018 grupa sever"]
[Site ""]
[Date "2018.09.08"]
[Round "3.38"]
[White "Milosevic, Aleksandar J"]
[Black "Tosic, Nebojsa"]
[Result "0-1"]
[WhiteElo "2046"]
[BlackElo "2085"]
[PlyCount "0"]
[WhiteTeam "KABLOVI - Jagodina"]
[BlackTeam "RUDAR - Kostolac"]
[EventDate "2018.09.07"]

1.e4 d6 2.d4 Nf6 3.Nc3 Nbd7 4.Bc4 e5 5.Nf3 Be7 6.O-O O-O 7.a4
h6 8.h3 c6 9.Bb3 Qc7 10.Re1 Re8 11.Be3 Nf8 12.Qd3 Ng6 13.Rad1
Bf8 14.d5 c5 15.Ne2 Nh5 16.g4 Nhf4 17.Bxf4 exf4 18.Bc4 Qe7 19.e5
dxe5 20.d6 Qf6 21.d7 Bxd7 22.Qxd7 e4 23.Nd2 Re5 24.Nc3 e3 25.fxe3
Re7 26.Qd5 Qh4 27.Qg2 Rd7 28.Nf3 Qd8 29.e4 Rxd1 30.Rxd1 Qe8 31.Qd2
Be7 32.Qd7 Qf8 33.Nd5 Bg5 34.Qf5 Rd8 35.Nxg5 hxg5 36.Qxg5 Rd6
37.Ne7+ Qxe7 38.Bxf7+ Kxf7 39.Qf5+ Kg8 40.Rf1 Qh4 41.Qh5 Qg3+
42.Kh1 Rd2 0-1